Le Travail forcé des ouvriers belges en Allemagne (Record no. 184989)
[ view plain ]
| 000 -LEADER | |
|---|---|
| campo de control de longitud fija | 00836nam a2200193 i 4500 |
| 001 - NÚMERO DE CONTROL | |
| campo de control | 184989 |
| 003 - IDENTIFICADOR DE NÚMERO DE CONTROL | |
| campo de control | ES-MaACL |
| 005 - FECHA Y HORA DE LA ÚLTIMA TRANSACCIÓN | |
| campo de control | 20250826070548.0 |
| 008 - DATOS DE LONGITUD FIJA--INFORMACIÓN GENERAL | |
| campo de control de longitud fija | 160303s1917 be |||| | fre d |
| 245 03 - MENCIÓN DEL TÍTULO | |
| Título | Le Travail forcé des ouvriers belges en Allemagne |
| Resto del título | : réponse d'un syndicaliste belge à un "travailleur allemand" se disant auteur de la brochure "An die Arbeiter der neutralen Laender / |
| Mención de responsabilidad, etc. | avec préface de Emile Vandervelde et de Henri Heyman. |
| 260 ## - PUBLICACIÓN, DISTRIBUCIÓN, ETC. | |
| Lugar de publicación, distribución, etc. | Le Havre : |
| Nombre del editor, distribuidor, etc. | Bureau Documentaire Belge, |
| Fecha de publicación, distribución, etc. | [1917?] |
| 300 ## - DESCRIPCIÓN FÍSICA | |
| Extensión | 32-VIII p. ; |
| Dimensiones | 22 cm. |
| 650 04 - PUNTO DE ACCESO ADICIONAL DE MATERIA--TÉRMINO DE MATERIA | |
| Término de materia o nombre geográfico como elemento de entrada | Guerra mundial, 1914-1918- |
| Subdivisión general | Prisioneros- |
| Subdivisión geográfica | Alemania. |
| 9 (RLIN) | 13226 |
| 650 #7 - PUNTO DE ACCESO ADICIONAL DE MATERIA--TÉRMINO DE MATERIA | |
| Término de materia o nombre geográfico como elemento de entrada | Trabajo forzado- |
| Subdivisión geográfica | Alemania |
| Fuente del encabezamiento o término | |
| 9 (RLIN) | 158939 |
| 700 1# - ENTRADA AGREGADA--NOMBRE PERSONAL | |
| Nombre de persona | Vandervelde, Émile. |
| 9 (RLIN) | 113067 |
| 700 1# - ENTRADA AGREGADA--NOMBRE PERSONAL | |
| Nombre de persona | Heyman, Henri. |
| 9 (RLIN) | 158938 |
| 852 ## - LOCALIZACIÓN | |
| Ubicación | ES-MaACL |
| Número de control de estantería | 1560-F-14 |
| Estatus retirado | Estado de pérdida | Estado de daño | No para préstamo | Colección | Biblioteca de origen | Biblioteca actual | Ubicación en estantería | Fecha de adquisición | Fuente de adquisición | Total de préstamos | Signatura topográfica completa | Código de barras | Visto por última vez | Precio de reemplazo | Tipo de ítem Koha |
|---|---|---|---|---|---|---|---|---|---|---|---|---|---|---|---|
| Colección de folletos | Biblioteca del Ateneo de Madrid | Biblioteca del Ateneo de Madrid | Depósito folletos | 03/03/2016 | 1560-F-14 | 1194849 | 23/02/2023 | 23/02/2023 | Folleto |
